000
00301nam a2200121Ia 4500
008
190216s9999||||xx |||||||||||||| ||und||
100
_a
"Gupta S K,Agarwal N And Gupta N"
245
0
_a
Financial Markets And Institutions
260
_b
Kalyani Pub
300
_a
13-14
650
_a
Commerce
942
_c
BK
999
_c
6875
_d
6875